000 00851nam a2200229 a 4500
005 20210223124954.0
008 030529s2000 es r 000 0 spa d
020 _a8483230801
035 _aUPN01000124789
049 _aCG
050 4 _aHM216
_bS3.28
100 1 _aSchmidtz, David
245 1 0 _aBienestar social y responsabilidad individual /
_cDavid Schmidtz, Robert E. Goodin ; pról. Josep Ramoneda ; tr. Izaskun Fuentes.
260 _aMadrid :
_bCambridge University,
_cc2000.
300 _a223 p.
534 _pTítulo original:
_tSocial welfare and individual responsability
650 4 _aPOLITICA SOCIAL -
_xASPECTOS MORALES Y ETICOS
_91451
650 4 _aASISTENCIA PUBLICA -
_xASPECTOS MORALES Y ETICOS
_98326
650 4 _aESTADO BENEFACTOR -
_xASPECTOS MORALES Y ETICOS
_923303
700 1 _aGoodin, Robert E.,
_ecoaut.
905 _aLibro
999 _c96968
_d96968